Name the City #3 - Statistics

General Stats
  • This quiz has been taken 664 times
  • The average score is 15 of 20
Answer Stats
Hint City % Correct
White house, US government, Georgetown Washington DC
99%
Capital of the EU, Waffles, Manneken Pis Brussels
88%
Hajj, Holiest city in Islam, Masjid al-Haram Mecca
87%
Fashion, soccer team AC..., Porta Sempione Milan
86%
Fisherman's Wharf, Alcatraz, Golden Gate Bridge San Francisco
85%
Dome of the Rock, The Western Wall, Holy city Jerusalem
83%
French Quarter, Jazz music, Cafe Du Monde New Orleans
82%
Hagia Sophia, Bosporus Strait, Blue Mosque Istanbul
81%
Disney World, Citrus Bowl Orlando
79%
Tivoli Gardens, Little Mermaid, Carlsberg Copenhagen
78%
Paulista Avenue, Largest South American city Sao Paulo
75%
Canadiens, Mount Royal, 1976 Summer Olympics Montreal
74%
Capital of Libya, To the shores of, Arch of Marcus Aurelius Tripoli
74%
Petronas Towers, Bukit Bintang, Batu Caves Kuala Lumpur
72%
Grand Canal, St Mark's Basilicia, Rialto Bridge, Carnival of Venice
71%
Mother Teresa, Kingfisher East Bengal F.C., Bengali cinema Kolkata
68%
Peace in Spanish, Extremely high altitude, Valle de la Luna La Paz
54%
Anchorman, Mission Beach, Famous Zoo, Padres San Diego
54%
Khreshchatyk Street, Independence Square, Dnieper River Kiev
51%
1956 Summer Olympics, Flinders Street Station, St. Kilda Beach Melbourne
41%
No matching quizzes found
Score Distribution
Percent of People with Each Score
Percentile by Number Answered
Your Score History
You have not taken this quiz